000 00318nam a22001337a 4500
008 180920b xxu||||| |||| 00| 0 eng d
020 _a0023447109
041 _aeng
080 _27 ED
_a615
100 _a5
101 _aSHF
245 _aThe Pharmacolgical Basic Of Therapeutics
_cGilman.A.G
942 _2udc
_cBK
999 _c48146
_d48146